000
00280nam a2200121Ia 4500
008
200103s9999||||xx |||||||||||||| ||und||
040
_a
IMU-MPC
082
_a
Column-65
100
_a
Dar, Sudhir
245
4
_a
The best of This is it!
260
_b
Rupa Company
_c
1988
942
_c
BK
999
_c
11505
_d
11505